000 00763nam a2200193Ii 4500
003 JO-AjNU
008 230605s9999||||xx |||||||||||||| ||und||
040 _aJO-AjNU
_bara
_erda
_cJO-AjNU
041 _aara
050 1 4 _aDS36.77.M832 2001
100 3 _aمحمد، بحيى,
_eauthor
_914547
245 0 0 _aالقطيعة بين المثقف والفقهيه: دراسة معرفية تستهدف ابراز جوانب القطيعة بين البنيتين العقليتين المثقف الديني والفقيه
264 3 1 _aد.م: الانتشار العربي، 2001
300 _a189ص
336 _atext
_btxt
_2rdacontent
337 _aunmediated
_bn
_2rdamedia
338 _avolume
_bnc
_2rdacarrier
650 4 _aالثقافة الدينية
_914548
999 _aA3905
_c7473
_d7473